Důvěrně s Ježíšem /

Hlavní autor: Courtois, Gaston, 1897-1970
Další autoři: Holková, Marie, 1908-2002
Jazyk: Čeština
Vydáno: V Praze : Karmelitánské nakladatelství, 2017
Vydání: Vydání čtvrté, v KNA druhé
Témata:
Fyzický popis: 162 stran ; 16 cm
Knihy
Uloženo v:
LEADER 02769nam a2200781 i 4500
001 nkc20172899289
003 CZ PrNK
005 20170728125830.0
007 ta
008 170525s2017 xr e 000 0 cze
015 |a cnb002899289 
020 |a 978-80-7566-018-3  |q (brožováno) 
035 |a (OCoLC)1000502423 
040 |a ABA001  |b cze  |d BOA001  |e rda 
041 1 |a cze  |h fre 
072 7 |a 27-5  |x Liturgie. Křesťanské umění a symbolika. Duchovní život  |2 Konspekt  |9 5 
080 |a 27-584  |2 MRF 
080 |a 27-184  |2 MRF 
080 |a 272-543.2-549  |2 MRF 
080 |a 27-583  |2 MRF 
080 |a 272-184.3  |2 MRF 
080 |a 27-4  |2 MRF 
080 |a 272-534.3  |2 MRF 
080 |a 27-29  |2 MRF 
080 |a 27-277.2  |2 MRF 
080 |a (0:82-97)  |2 MRF 
080 |a (0:82-4)  |2 MRF 
080 |a (0:82-84)  |2 MRF 
100 1 |a Courtois, Gaston,  |d 1897-1970  |7 mzk2009496371  |4 aut 
240 1 0 |a Cœur à cœur avec Jésus.  |l Česky 
245 1 0 |a Důvěrně s Ježíšem /  |c Gaston Courtois ; z francouzského originálu Cœur à cœur avec Jésus ... přeložila Marie Holková 
250 |a Vydání čtvrté, v KNA druhé 
264 1 |a V Praze :  |b Karmelitánské nakladatelství,  |c 2017 
300 |a 162 stran ;  |c 16 cm 
336 |a text  |b txt  |2 rdacontent 
337 |a bez média  |b n  |2 rdamedia 
338 |a svazek  |b nc  |2 rdacarrier 
504 |a Obsahuje bibliografické odkazy 
650 0 7 |a duchovní život  |7 ph114375  |2 czenas 
650 0 7 |a Bůh a člověk  |7 ph116953  |2 czenas 
650 0 7 |a eucharistická adorace  |7 ph344086  |2 czenas 
650 0 7 |a křesťanská meditace  |7 ph115060  |2 czenas 
650 0 7 |a katolická víra  |7 ph121532  |2 czenas 
650 0 7 |a křesťanský život  |7 ph122132  |2 czenas 
650 0 7 |a katolické modlitby  |7 ph114896  |2 czenas 
650 0 7 |a křesťanská literatura  |7 ph122098  |2 czenas 
650 0 7 |a biblické citáty  |7 ph118853  |2 czenas 
650 0 9 |a spiritual life  |2 eczenas 
650 0 9 |a relations between God and man  |2 eczenas 
650 0 9 |a eucharistic adoration  |2 eczenas 
650 0 9 |a Christian meditation  |2 eczenas 
650 0 9 |a Catholic faith  |2 eczenas 
650 0 9 |a Christian life  |2 eczenas 
650 0 9 |a Catholic prayers  |2 eczenas 
650 0 9 |a Christian literature  |2 eczenas 
650 0 9 |a Biblical quotations  |2 eczenas 
655 7 |a modlitby  |7 fd132841  |2 czenas 
655 7 |a úvahy  |7 fd134000  |2 czenas 
655 7 |a citáty  |7 fd131832  |2 czenas 
655 9 |a prayers  |2 eczenas 
655 9 |a essays  |2 eczenas 
655 9 |a quotations  |2 eczenas 
700 1 |a Holková, Marie,  |d 1908-2002  |7 jk01041745  |4 trl 
910 2 |a BOA001  |b 1-1392.075 
990 |a BK 
995 |a 01 
991 |b 201707  |c NOV 
996 6 |b 2610713310  |c 1-1392.075  |l MZK  |r Sklad / do 1 hodiny  |n 0  |p p.v.  |w 001619683  |u 000010  |a 1  |e BOA001  |j MZK50  |s P